[Event "Moscow open 2010 B"]
[Site "?"]
[Date "2010.02.07"]
[Round "9.69"]
[White "Kovach, Dmitri"]
[Black "Trusov, Mikhail"]
[Result "0-1"]
[WhiteElo "2008"]
[BlackElo "2188"]
[PlyCount "110"]
[EventDate "2010.01.30"]

1. e4 c5 2. Nf3 d6 3. d4 cxd4 4. Nxd4 Nf6 5. Nc3 g6 6. Be3 Bg7 7. f3 O-O 8. Qd2
Nc6 9. Bc4 Bd7 10. O-O-O Rc8 11. Bb3 Ne5 12. Kb1 Nc4 13. Bxc4 Rxc4 14. h4 h5
15. Nce2 b5 16. Bh6 Qb6 17. Bxg7 Kxg7 18. g4 hxg4 19. h5 e5 20. hxg6 fxg6 21.
Qg5 Ng8 22. f4 exf4 23. Nxf4 Rxf4 24. Qxf4 Rxd4 25. Rdf1 Bf5 26. Qh2 Rxe4 27.
Qh7+ Kf6 28. Qh8+ Ke6 29. Qxg8+ Kd7 30. Rh7+ Kc6 31. Qa8+ Kc5 32. a3 a5 33. Ra7
Qc6 34. Qb8 Re8 35. Qc7 Qxc7 36. Rxc7+ Kb6 37. Rc3 d5 38. Kc1 d4 39. Rg3 Re2
40. Kd1 Rh2 41. c3 d3 42. b4 Ra2 43. bxa5+ Kxa5 44. Re1 Rxa3 45. Kd2 Ra2+ 46.
Ke3 Rc2 47. Kd4 Ka4 48. Rb1 Re2 49. Re3 d2 50. Rd1 Kb3 51. c4+ Kc2 52. Rg1
d1=Q+ 53. Rxd1 Kxd1 54. cxb5 Kd2 55. Rb3 Kc2 0-1

[Event "Moscow open 2010 B"]
[Site "?"]
[Date "2010.02.07"]
[Round "9.70"]
[White "Smagin, Nikita"]
[Black "Tjurins, Ilja"]
[Result "0-1"]
[WhiteElo "1984"]
[BlackElo "2182"]
[PlyCount "86"]
[EventDate "2010.01.30"]

1. d4 Nf6 2. c4 e6 3. g3 d5 4. Nf3 dxc4 5. Bg2 b5 6. a4 c6 7. O-O Bb7 8. Ne5 a6
9. axb5 axb5 10. Rxa8 Bxa8 11. Nc3 Nd5 12. e4 Nxc3 13. bxc3 Be7 14. Qh5 O-O 15.
Bh3 Qe8 16. f4 c5 17. f5 f6 18. Ng6 Bxe4 19. Nxe7+ Qxe7 20. fxe6 f5 21. Be3
cxd4 22. Bxd4 Nc6 23. g4 Nxd4 24. cxd4 g6 25. Qh6 Qxe6 26. gxf5 Bxf5 27. Bxf5
Rxf5 28. Rxf5 Qxf5 29. Qe3 Kf7 30. Qg3 Qb1+ 31. Kf2 Qb2+ 32. Kf1 Qxd4 33. Qc7+
Kg8 34. Qb8+ Kg7 35. Qxb5 c3 36. Qb7+ Kh6 37. Qf3 c2 38. Qf8+ Kg5 39. h4+ Kh5
40. Qf3+ Qg4 41. Qc3 Qf4+ 42. Ke2 c1=Q 43. Qa5+ Qf5 0-1

[Event "Moscow open 2010 B"]
[Site "?"]
[Date "2010.02.07"]
[Round "9.71"]
[White "Barsamian, Eduard"]
[Black "Bykov, Evgeny"]
[Result "1-0"]
[WhiteElo "2178"]
[BlackElo "2037"]
[PlyCount "105"]
[EventDate "2010.01.30"]

1. d4 Nf6 2. Nf3 g6 3. c4 c5 4. d5 e6 5. Nc3 exd5 6. cxd5 d6 7. e4 Bg7 8. h3
O-O 9. Bd3 b5 10. O-O b4 11. Nb1 Ba6 12. Bxa6 Nxa6 13. Qd3 Nc7 14. Nbd2 Nd7 15.
Nc4 Nb5 16. Bf4 Qc7 17. Rac1 a6 18. Rfe1 Rfe8 19. Bg3 Nb6 20. Nfd2 Nxc4 21.
Nxc4 Rad8 22. Bh4 Rd7 23. g4 Nd4 24. g5 Qd8 25. f4 f5 26. gxf6 Bxf6 27. Bg3 Bh4
28. Kh2 Bxg3+ 29. Qxg3 Rde7 30. Qg2 Rf7 31. Qg3 Ref8 32. f5 Rg7 33. Rg1 Ne2 34.
Qxd6 Qxd6+ 35. Nxd6 Nxg1 36. Rxg1 gxf5 37. e5 Rxg1 38. Kxg1 Kg7 39. Kf2 Kg6 40.
Nc4 f4 41. Kf3 Kf5 42. e6 Rg8 43. e7 Kf6 44. d6 Ke6 45. Kxf4 Kd7 46. Ke5 Rg3
47. Nb6+ Ke8 48. Nd5 Rg5+ 49. Ke6 Rg6+ 50. Nf6+ Rxf6+ 51. Kxf6 c4 52. Ke6 c3
53. d7# 1-0

[Event "Moscow open 2010 B"]
[Site "?"]
[Date "2010.02.07"]
[Round "9.72"]
[White "Lushnikov, Evgeny"]
[Black "Gabdrakipov, Ilshat"]
[Result "0-1"]
[WhiteElo "1957"]
[BlackElo "2165"]
[PlyCount "88"]
[EventDate "2010.01.30"]

1. e4 c5 2. Nf3 Nc6 3. d4 cxd4 4. Nxd4 g6 5. c4 Bg7 6. Be3 Nf6 7. Nc3 d6 8. Be2
O-O 9. O-O a5 10. f3 a4 11. Nxc6 bxc6 12. Nxa4 Qa5 13. Nc3 Be6 14. f4 Qb4 15.
Qb3 Rfb8 16. f5 Qa5 17. Qc2 Bd7 18. Rad1 Be8 19. Kh1 Nd7 20. Qd2 Qb4 21. fxg6
hxg6 22. Bd4 Ne5 23. b3 Rb7 24. Nb1 c5 25. Bc3 Qb6 26. Ba1 Qd8 27. Nc3 Nc6 28.
Nd5 Nd4 29. Bf3 Rba7 30. Qg5 Bc6 31. Nc3 Qf8 32. Qg3 Nc2 33. Bg4 Be5 34. Qh3
Nxa1 35. Rxa1 Qg7 36. Rac1 Qh8 37. Be6 Qxh3 38. Bxf7+ Kg7 39. gxh3 Bxc3 40.
Rxc3 Rf8 41. Rcf3 Bxe4 42. Bd5 Bxf3+ 43. Rxf3 Rxf3 44. Bxf3 Rxa2 0-1

[Event "Moscow open 2010 B"]
[Site "?"]
[Date "2010.02.07"]
[Round "9.73"]
[White "Nikologorskiy, Konstantin"]
[Black "Dogodkina, Julia"]
[Result "1/2-1/2"]
[WhiteElo "2153"]
[BlackElo "2036"]
[PlyCount "82"]
[EventDate "2010.01.30"]

1. c4 Nf6 2. Nc3 e6 3. e4 d6 4. d4 Be7 5. f4 c5 6. d5 e5 7. f5 h5 8. Be2 Bd7 9.
Be3 Qa5 10. Qd2 a6 11. h3 b5 12. Bd3 bxc4 13. Bxc4 Qb4 14. b3 Bd8 15. Nge2 Ba5
16. O-O Qb7 17. Qd3 Ke7 18. Bg5 Bc8 19. a3 Nbd7 20. Rfb1 Bb6 21. Kh2 a5 22. Qg3
Kf8 23. Nb5 Nxe4 24. Qh4 Nxg5 25. Qxg5 Qb8 26. Ng3 Nf6 27. Qe3 Bd8 28. Nc3 Bd7
29. Rf1 Rh6 30. Nge4 Be7 31. Nxf6 Bxf6 32. Ne4 a4 33. Rab1 Qc7 34. b4 cxb4 35.
Rxb4 Ke7 36. Rfb1 Rhh8 37. Rb7 Qxc4 38. Rxd7+ Kxd7 39. Rb7+ Qc7 40. Rxc7+ Kxc7
41. Qc3+ Kd8 1/2-1/2

[Event "Moscow open 2010 B"]
[Site "?"]
[Date "2010.02.07"]
[Round "9.74"]
[White "Akhmetov, Ayan"]
[Black "Lisinov, Viacheslav"]
[Result "1-0"]
[WhiteElo "1975"]
[BlackElo "2153"]
[PlyCount "87"]
[EventDate "2010.01.30"]

1. e4 e6 2. d4 d5 3. Nc3 Nf6 4. Bg5 Be7 5. e5 Nfd7 6. h4 h6 7. Bxe7 Qxe7 8. Qg4
f5 9. Qg6+ Qf7 10. Qxf7+ Kxf7 11. Nb5 Na6 12. Nh3 Nb6 13. Nf4 g6 14. Bd3 Bd7
15. a4 Nc8 16. g4 c6 17. Nc3 Nb4 18. gxf5 gxf5 19. Kd2 Nxd3 20. Nxd3 b6 21. Ne2
Ne7 22. Nef4 h5 23. Rhg1 Rag8 24. f3 Bc8 25. Rxg8 Rxg8 26. Ke3 Ba6 27. Nf2 Ng6
28. a5 b5 29. N2d3 Nxf4 30. Nxf4 b4 31. Ra4 b3 32. c3 Rg1 33. Rb4 Bb5 34. Rxb3
Rh1 35. Nxh5 Rxh4 36. Nf4 Rh2 37. Nd3 Kg6 38. Nc5 Kf7 39. Rb4 Rc2 40. Nb7 Kg6
41. Kf4 a6 42. Nd8 Rf2 43. Nxe6 Be2 44. Ke3 1-0

[Event "Moscow open 2010 B"]
[Site "?"]
[Date "2010.02.07"]
[Round "9.75"]
[White "Egorov, Konstantin"]
[Black "Subbotin, Andrey"]
[Result "1/2-1/2"]
[WhiteElo "2151"]
[BlackElo "2034"]
[PlyCount "66"]
[EventDate "2010.01.30"]

1. d4 Nf6 2. c4 d6 3. Nc3 e5 4. Nf3 Nc6 5. d5 Ne7 6. e4 g6 7. Be2 Bg7 8. O-O c5
9. b4 cxb4 10. Qa4+ Nd7 11. Qxb4 Nc5 12. Be3 b6 13. a4 a5 14. Qb2 Bd7 15. Rab1
Nc8 16. Ne1 O-O 17. Nd3 f5 18. f3 Qe8 19. Nxc5 bxc5 20. Nb5 Qd8 21. Bd2 Bf6 22.
Bc3 Bg5 23. Bd2 Bxd2 24. Qxd2 f4 25. g4 h6 26. Kg2 Kg7 27. Rh1 Rf6 28. h4 Rf7
29. Kf2 Be8 30. Bf1 Kh7 31. g5 h5 32. Bh3 Bd7 33. Bxd7 Rxd7 1/2-1/2

[Event "Moscow open 2010 B"]
[Site "?"]
[Date "2010.02.07"]
[Round "9.76"]
[White "Sidorovsky, Evgeny"]
[Black "Tolmachev, Aleksander"]
[Result "1-0"]
[WhiteElo "2139"]
[BlackElo "2020"]
[PlyCount "65"]
[EventDate "2010.01.30"]

1. d4 d5 2. Nf3 c6 3. Bf4 e6 4. e3 f5 5. Nbd2 Nf6 6. Bd3 Be7 7. h4 Ne4 8. Ne5
O-O 9. Ndf3 Nd7 10. c3 Ndf6 11. Ng5 Qe8 12. f3 Nd6 13. Qc2 Nh5 14. Bh2 h6 15.
g4 hxg5 16. gxh5 Qxh5 17. hxg5 Bxg5 18. Ke2 Bh4 19. Rag1 Ne4 20. Bf4 Rf6 21.
Rh2 Kf8 22. Kf1 g5 23. Qg2 b6 24. Rxh4 Qxh4 25. fxe4 fxe4 26. Rh1 Rxf4+ 27.
exf4 Qxf4+ 28. Ke1 Qc1+ 29. Kf2 Qf4+ 30. Ke1 Qe3+ 31. Be2 Qc1+ 32. Bd1 Ba6 33.
Qf2+ 1-0

[Event "Moscow open 2010 B"]
[Site "?"]
[Date "2010.02.07"]
[Round "9.77"]
[White "Melnikov, Egor"]
[Black "Ezhikov, Vitaly"]
[Result "0-1"]
[WhiteElo "1952"]
[BlackElo "2137"]
[PlyCount "92"]
[EventDate "2010.01.30"]

1. e4 c5 2. Nc3 d6 3. Nf3 Nf6 4. d4 cxd4 5. Nxd4 a6 6. Be3 e5 7. Nb3 Be6 8. f4
Qc7 9. f5 Bc4 10. Qd2 b5 11. O-O-O Be7 12. h3 Nbd7 13. g4 b4 14. Nd5 Nxd5 15.
exd5 a5 16. Bxc4 Qxc4 17. Qd3 Qxd3 18. Rxd3 h6 19. Nd2 Rc8 20. Re1 Nc5 21. Bxc5
Rxc5 22. Ne4 Rb5 23. b3 Kd7 24. Kb2 Ra8 25. c4 bxc3+ 26. Nxc3 Rb4 27. a3 Rf4
28. Ne4 Rc8 29. Ree3 Bd8 30. Nc3 Rf2+ 31. Re2 Rxc3 32. Kxc3 Rxe2 33. b4 a4 34.
Kc4 Rb2 35. Rc3 Bg5 36. Kb5 Rb3 37. Rc6 Rxa3 38. Ra6 Be3 39. Ra8 Ra1 40. Rf8
Ke7 41. Rb8 a3 42. Rb7+ Kf6 43. h4 a2 44. Rd7 Rc1 45. Rxd6+ Ke7 46. f6+ gxf6
0-1

[Event "Moscow open 2010 B"]
[Site "?"]
[Date "2010.02.07"]
[Round "9.78"]
[White "Mamaev, Evgeniy"]
[Black "Nersesian, Vagram"]
[Result "1-0"]
[WhiteElo "2137"]
[BlackElo "2002"]
[PlyCount "113"]
[EventDate "2010.01.30"]

1. Nf3 Nf6 2. c4 c6 3. d4 d5 4. Nc3 a6 5. cxd5 cxd5 6. Qb3 Nc6 7. Bg5 e6 8. e3
h6 9. Bh4 Be7 10. Rc1 O-O 11. Bd3 Ne8 12. Bxe7 Qxe7 13. O-O Nd6 14. Na4 Bd7 15.
Nb6 Rab8 16. Nxd7 Qxd7 17. Ne5 Nxe5 18. dxe5 Nc8 19. Bxa6 Na7 20. Be2 Rfc8 21.
Qb6 Nc6 22. Bb5 Qe7 23. f4 Qb4 24. b3 Qd2 25. Ra1 d4 26. exd4 Nxd4 27. Rfd1
Qe3+ 28. Kh1 Nc2 29. Qxe3 Nxe3 30. Rd3 Nd5 31. g3 Rc2 32. a4 Rbc8 33. Rad1 g5
34. f5 Rf2 35. fxe6 Rcc2 36. exf7+ Kxf7 37. Rxd5 Rxh2+ 38. Kg1 Rcg2+ 39. Kf1
Rb2 40. Ke1 Ke6 41. R5d2 Rh1+ 42. Ke2 Rh2+ 43. Kd3 Rxb3+ 44. Ke4 Rxd2 45. Rxd2
Rxg3 46. Rd6+ Ke7 47. Rxh6 Rg1 48. Rb6 Kf7 49. Rxb7+ Kg6 50. Be8+ Kh6 51. e6
Re1+ 52. Kd5 g4 53. Rb4 Kg5 54. Re4 Rd1+ 55. Ke5 g3 56. Re2 Rc1 57. Bb5 1-0

[Event "Moscow open 2010 B"]
[Site "?"]
[Date "2010.02.07"]
[Round "9.79"]
[White "Vasilyev, Vasily"]
[Black "Kulakov, M."]
[Result "1/2-1/2"]
[WhiteElo "1909"]
[BlackElo "2086"]
[PlyCount "90"]
[EventDate "2010.01.30"]

1. d4 Nf6 2. c4 c5 3. d5 b5 4. cxb5 a6 5. bxa6 Bxa6 6. g3 d6 7. Bg2 g6 8. Nf3
Bg7 9. Nc3 O-O 10. O-O Nbd7 11. Re1 Qc7 12. e4 Rfb8 13. Bf1 Bxf1 14. Kxf1 Ng4
15. Kg2 Nge5 16. Nxe5 Nxe5 17. f4 Nc4 18. Qe2 Na5 19. Be3 Qb7 20. Rab1 Qa6 21.
Qxa6 Rxa6 22. e5 Nc4 23. b3 Nxe3+ 24. Rxe3 Ra3 25. Rbe1 f5 26. R1e2 g5 27. Nb1
Ra7 28. exd6 exd6 29. Re6 Ra6 30. fxg5 Rba8 31. a4 c4 32. bxc4 Rxa4 33. Rxd6
Rxc4 34. Rde6 Rd4 35. g6 hxg6 36. Rxg6 Kf7 37. Rd6 Rd1 38. Rd7+ Kf8 39. Rb7
Rxd5 40. Ree7 Ra2+ 41. Kh3 Bd4 42. Rec7 Ra8 43. Nc3 Rd6 44. Ne2 Rh6+ 45. Kg2
Bb6 1/2-1/2

[Event "Moscow open 2010 B"]
[Site "?"]
[Date "2010.02.07"]
[Round "9.80"]
[White "Gorishniy, Yuri"]
[Black "Savenkov, Konstantin"]
[Result "1/2-1/2"]
[WhiteElo "2083"]
[BlackElo "1797"]
[PlyCount "168"]
[EventDate "2010.01.30"]

1. Nf3 d5 2. d4 c6 3. c4 e6 4. Nc3 f5 5. Bf4 Nf6 6. e3 Bd6 7. Ne5 Bc7 8. Be2
O-O 9. Qc2 Nbd7 10. cxd5 exd5 11. Nd3 Bxf4 12. Nxf4 Nb6 13. O-O Qe7 14. Rae1
Bd7 15. Bd3 Ne4 16. Nd1 Rae8 17. Ne2 Nc8 18. f3 Nf6 19. Bxf5 Bxf5 20. Qxf5 Ne4
21. Qh3 Nd2 22. Rf2 Qb4 23. Nec3 Nc4 24. Rfe2 N8d6 25. g4 Rf7 26. Rf2 Rfe7 27.
Rfe2 Qa5 28. Qg3 Re6 29. e4 Qb6 30. exd5 Qxd4+ 31. Qf2 Qxf2+ 32. Kxf2 Rxe2+ 33.
Rxe2 Rxe2+ 34. Kxe2 cxd5 35. Nxd5 Kf7 36. f4 Ke6 37. N5e3 g6 38. Nxc4 Nxc4 39.
Kd3 b5 40. b3 Nb6 41. Ne3 a5 42. Kd4 Nd7 43. Nd5 Kd6 44. Nc3 b4 45. Ne4+ Ke7
46. Kd5 Nf8 47. f5 gxf5 48. gxf5 Nd7 49. f6+ Kf7 50. Kd6 Nf8 51. Kc5 Ne6+ 52.
Kb5 Nc7+ 53. Kc6 Ne6 54. Kb6 Nf4 55. Nc5 Nd5+ 56. Kxa5 Nc3 57. Kxb4 Nxa2+ 58.
Ka3 Nc3 59. Kb2 Nd1+ 60. Kc1 Nf2 61. b4 Kxf6 62. b5 Ke7 63. b6 Kd6 64. b7 Kc7
65. Kd2 Ng4 66. h3 Ne5 67. Ke3 Nc6 68. Ke4 h5 69. Kd5 h4 70. Ke6 Nb8 71. Kf5
Kc6 72. Nd3 Kxb7 73. Kg5 Kc6 74. Kxh4 Kd6 75. Kg5 Ke7 76. Kg6 Kf8 77. Ne5 Na6
78. h4 Nc7 79. h5 Nd5 80. h6 Ne7+ 81. Kg5 Kg8 82. Nd7 Kh8 83. Nf8 Ng8 84. h7
Nf6 1/2-1/2

[Event "Moscow open 2010 B"]
[Site "?"]
[Date "2010.02.07"]
[Round "9.83"]
[White "Mingaleev, Ildar"]
[Black "Kuznesov, Andrei"]
[Result "0-1"]
[WhiteElo "2004"]
[BlackElo "2281"]
[PlyCount "44"]
[EventDate "2010.01.30"]

1. e4 e5 2. f4 exf4 3. Nf3 d5 4. exd5 Nf6 5. Bc4 Nxd5 6. O-O Be6 7. Bb3 Bd6 8.
c4 Ne7 9. d4 c5 10. d5 Bg4 11. Ba4+ Nd7 12. Nc3 a6 13. Ne4 Qc7 14. Bxf4 Bxf4
15. d6 Qd8 16. dxe7 Qxe7 17. Qb3 O-O-O 18. Rae1 Be6 19. Qa3 Nb6 20. Qxc5+ Qxc5+
21. Nxc5 Bxc4 22. Rf2 Rd5 0-1

[Event "Moscow open 2010 B"]
[Site "?"]
[Date "2010.02.07"]
[Round "9.84"]
[White "Bujakevich, Aleksandr"]
[Black "Kuprijanov, Anatoly"]
[Result "1/2-1/2"]
[WhiteElo "2202"]
[BlackElo "2006"]
[PlyCount "148"]
[EventDate "2010.01.30"]

1. e4 c6 2. d4 d5 3. Nc3 dxe4 4. Nxe4 Nd7 5. c3 Ngf6 6. Bd3 Nxe4 7. Bxe4 Nf6 8.
Bc2 Bg4 9. Ne2 Bh5 10. f3 Bg6 11. Bb3 e6 12. Nf4 Bd6 13. Nxg6 hxg6 14. f4 Qc7
15. Qf3 O-O-O 16. g3 Rh3 17. Be3 Rdh8 18. O-O-O Rxh2 19. Rxh2 Rxh2 20. c4 Kb8
21. Kb1 Rh8 22. g4 Ka8 23. f5 gxf5 24. gxf5 exf5 25. Qxf5 Qe7 26. Re1 Qe4+ 27.
Qxe4 Nxe4 28. c5 Bg3 29. Rg1 f5 30. Bc2 Rh3 31. Kc1 Bh2 32. Rg2 Rxe3 33. Rxh2
Re1+ 34. Bd1 a5 35. Kc2 Rf1 36. Be2 Rf2 37. Rh8+ Ka7 38. Kd3 Ng3 39. Bd1 Rxb2
40. Rg8 Rxa2 41. Bb3 Ra3 42. Kc2 a4 43. Be6 Ne2 44. Kb2 Rg3 45. d5 a3+ 46. Ka2
Nc1+ 47. Kb1 a2+ 48. Ka1 Rb3 49. Bxf5 cxd5 50. Rxg7 Ra3 51. Bc2 Rc3 52. Rg2
Rxc5 53. Rd2 Kb6 54. Kb2 Ra5 55. Ka1 Kc5 56. Rd1 Ne2 57. Rd3 d4 58. Rb3 Nc3 59.
Rxb7 Rb5 60. Rxb5+ Kxb5 61. Kb2 Kc4 62. Bg6 Kd5 63. Bd3 Ke5 64. Bc4 Ke4 65. Bf1
Ke3 66. Bc4 Kd2 67. Bb3 Kd3 68. Bf7 Ke3 69. Bc4 Kf4 70. Bd3 Nd5 71. Bc4 Nb4 72.
Bb5 Ke3 73. Bc4 Kd2 74. Bb5 Ke3 1/2-1/2

[Event "Moscow open 2010 B"]
[Site "?"]
[Date "2010.02.07"]
[Round "9.85"]
[White "Mkrtchyan, Artak"]
[Black "Kan, Yuri"]
[Result "0-1"]
[WhiteElo "2176"]
[BlackElo "1997"]
[PlyCount "116"]
[EventDate "2010.01.30"]

1. e4 c5 2. Nf3 Nc6 3. Bb5 g6 4. Bxc6 dxc6 5. d3 Bg7 6. Nc3 e5 7. Be3 Qe7 8.
Qd2 Nf6 9. h3 Nd7 10. O-O Nf8 11. Bh6 f6 12. Bxg7 Qxg7 13. Nh2 Ne6 14. Ne2 g5
15. c3 Nf4 16. Ng3 Be6 17. Nf5 Bxf5 18. exf5 O-O-O 19. Qe3 b6 20. Rfd1 Rd6 21.
g3 Nxh3+ 22. Kg2 Nf4+ 23. Kf1 Nd5 24. Qe4 Qd7 25. Ng4 h5 26. Ne3 Nxe3+ 27. fxe3
h4 28. g4 Rd8 29. Ke2 Qf7 30. b3 Qd5 31. Kf3 Kb7 32. Rd2 b5 33. Rb1 Kc7 34. Re1
Qxe4+ 35. Kxe4 c4 36. bxc4 bxc4 37. d4 exd4 38. cxd4 c5 39. Rc1 Kd7 40. d5 Rb6
41. Rxc4 Kd6 42. Ra4 Rd7 43. Kf3 Rc7 44. Re4 c4 45. Re6+ Kc5 46. e4 c3 47. Rc2
Kd4 48. Ke2 h3 49. Rxb6 axb6 50. Kd1 Kxe4 51. d6 Rd7 52. Rxc3 Rxd6+ 53. Ke2 Kf4
54. Rxh3 Kxg4 55. Rb3 Kxf5 56. a4 Rd4 57. Rb5+ Kg6 58. Rxb6 Rxa4 0-1

[Event "Moscow open 2010 B"]
[Site "?"]
[Date "2010.02.07"]
[Round "9.87"]
[White "Rakhmatulaev, Konstantin"]
[Black "Lagashin, Pavel"]
[Result "0-1"]
[WhiteElo "1988"]
[BlackElo "2163"]
[PlyCount "54"]
[EventDate "2010.01.30"]

1. d4 Nf6 2. c4 e6 3. g3 Bb4+ 4. Bd2 Bxd2+ 5. Nxd2 O-O 6. e4 c5 7. e5 Ne8 8. d5
d6 9. dxe6 Bxe6 10. Bg2 Qe7 11. Qe2 dxe5 12. Qxe5 Nd7 13. Qe2 Nd6 14. Bd5 Qf6
15. O-O-O Bf5 16. g4 Rfe8 17. Qf3 Ne5 18. Ne4 Nxe4 19. Qxf5 Qxf5 20. gxf5 Nxf2
21. Nf3 Nxh1 22. Rxh1 Nd3+ 23. Kd2 Nb4 24. Bxb7 Rad8+ 25. Kc1 Nd3+ 26. Kc2 Re2+
27. Kc3 Nf2 0-1

[Event "Moscow open 2010 B"]
[Site "?"]
[Date "2010.02.07"]
[Round "9.88"]
[White "Shapfiullin, Ildar"]
[Black "Kesidis, Odyseas"]
[Result "0-1"]
[WhiteElo "2163"]
[BlackElo "1984"]
[PlyCount "156"]
[EventDate "2010.01.30"]

1. d4 Nf6 2. c4 g6 3. Nc3 Bg7 4. e4 O-O 5. Be2 d6 6. Nf3 e5 7. d5 a5 8. Bg5 h6
9. Bh4 Na6 10. Nd2 Nc5 11. Qc2 c6 12. Nb3 Nxb3 13. Qxb3 g5 14. Bg3 cxd5 15.
cxd5 Nd7 16. Na4 Rb8 17. Bb5 f5 18. f3 fxe4 19. fxe4 Nf6 20. Qe3 Bd7 21. Nc3
Rc8 22. Be2 b5 23. O-O b4 24. Nd1 Rc2 25. Bd3 Ng4 26. Rxf8+ Bxf8 27. Qe1 Qb6+
28. Kh1 Rc8 29. h3 Nf6 30. Bf2 Qb8 31. Qe2 Be7 32. Ne3 Bd8 33. Rf1 Bb6 34. Bg1
Rf8 35. Nc4 Bxg1 36. Kxg1 a4 37. b3 a3 38. Qf2 Bb5 39. Qf5 Kg7 40. Kh2 Bxc4 41.
Bxc4 Qc8 42. Qe6 Qxe6 43. dxe6 Nxe4 44. e7 Re8 45. Rf7+ Kg6 46. Rf8 Rxe7 47.
Bd3 d5 48. Rb8 Kf6 49. Bxe4 dxe4 50. Rxb4 e3 51. Re4 Rc7 52. Rxe3 Rc2 53. b4
Rxa2 54. Rb3 Kf5 55. b5 Ke4 56. Kg3 Kd4 57. b6 Rb2 58. Rxa3 Rxb6 59. Ra4+ Kd5
60. Kg4 e4 61. g3 Re6 62. Ra1 Kd4 63. Kf5 Re8 64. Kg6 e3 65. Kxh6 e2 66. Re1
Ke3 67. Kxg5 Kf2 68. Rxe2+ Rxe2 69. h4 Kxg3 70. h5 Re5+ 71. Kg6 Kg4 72. h6 Re6+
73. Kg7 Kg5 74. h7 Re7+ 75. Kg8 Kg6 76. h8=N+ Kf6 77. Kf8 Ra7 78. Kg8 Rb7 0-1

[Event "Moscow open 2010 B"]
[Site "?"]
[Date "2010.02.07"]
[Round "9.89"]
[White "Chubar, Vladimir"]
[Black "Pak, Alexander"]
[Result "1-0"]
[WhiteElo "2148"]
[BlackElo "1970"]
[PlyCount "93"]
[EventDate "2010.01.30"]

1. d4 d5 2. Nf3 Nf6 3. Bg5 Ne4 4. Bf4 c5 5. e3 Qb6 6. Qc1 Nc6 7. c3 Bf5 8. Nbd2
Rc8 9. Be2 e6 10. O-O Be7 11. Nb3 O-O 12. Ne5 Nxe5 13. Bxe5 f6 14. Bf4 c4 15.
Nd2 Bd6 16. Nf3 Rce8 17. Nh4 Bxf4 18. exf4 a5 19. Bf3 Bg6 20. Nxg6 hxg6 21.
Bxe4 dxe4 22. Re1 Qc6 23. Qc2 f5 24. Re3 Qd6 25. g3 Qd8 26. h4 Kf7 27. Rae1 Qd5
28. f3 exf3 29. Kf2 b6 30. Rxf3 Rd8 31. Re5 Qc6 32. Re1 Rd5 33. Rfe3 Re8 34.
Qe2 Re7 35. h5 Rd6 36. hxg6+ Kxg6 37. g4 Qe8 38. gxf5+ Kxf5 39. Re5+ Kf6 40.
Rg1 g6 41. Qg4 Rd5 42. Qg5+ Kg7 43. Rh1 Qf8 44. Kg3 Kf7 45. Rh7+ Ke8 46. Qxg6+
Kd7 47. Qxe6+ 1-0

[Event "Moscow open 2010 B"]
[Site "?"]
[Date "2010.02.07"]
[Round "9.90"]
[White "Shitov, Yaroslav"]
[Black "Khatnikov, Alexander"]
[Result "0-1"]
[WhiteElo "2145"]
[BlackElo "1956"]
[PlyCount "114"]
[EventDate "2010.01.30"]

1. e4 c6 2. e5 d5 3. exd6 exd6 4. d4 d5 5. Nf3 Bg4 6. Bd3 Bd6 7. Qe2+ Qe7 8.
Qxe7+ Nxe7 9. Nbd2 O-O 10. O-O Nd7 11. h3 Bf5 12. Bxf5 Nxf5 13. b3 Rfe8 14. Bb2
Bf4 15. Rfe1 f6 16. Nf1 Kf7 17. a4 Rxe1 18. Rxe1 Re8 19. Rxe8 Kxe8 20. Ne1 Nf8
21. Nd3 Ne6 22. c3 b6 23. Bc1 Bxc1 24. Nxc1 c5 25. dxc5 bxc5 26. g3 Kd7 27. f4
c4 28. b4 a5 29. Kf2 Nd6 30. Nd2 axb4 31. cxb4 c3 32. Nb1 Ne4+ 33. Ke3 Nxg3 34.
Nxc3 d4+ 35. Kf3 dxc3 36. Kxg3 Nc7 37. Kf3 Nd5 38. b5 Nb6 39. a5 Nc4 40. a6 Kc7
41. Ke4 Nd6+ 42. Kd5 Nxb5 43. Ke6 Nd4+ 44. Kf7 Nf5 45. Ke6 Nh6 46. h4 Kb6 47.
h5 Kxa6 48. Na2 c2 49. Nb4+ Kb5 50. Nxc2 Kc4 51. Ke7 Kd3 52. Kf8 Nf5 53. Ne1+
Ke4 54. Ng2 Kf3 55. Nh4+ Nxh4 56. Kxg7 f5 57. Kxh7 Kxf4 0-1

[Event "Moscow open 2010 B"]
[Site "?"]
[Date "2010.02.07"]
[Round "9.91"]
[White "Sazonov, Sergey"]
[Black "Ovchinnikov, Andrey"]
[Result "1/2-1/2"]
[WhiteElo "2144"]
[BlackElo "1938"]
[PlyCount "85"]
[EventDate "2010.01.30"]

1. e4 e5 2. Nf3 Nf6 3. Nc3 Nc6 4. Bc4 Nxe4 5. Bxf7+ Kxf7 6. Nxe4 d5 7. Neg5+
Ke8 8. Qe2 Bd6 9. Qd3 Ne7 10. Qc3 h6 11. Nh3 Nc6 12. Nhg1 Kf7 13. Qb3 Ne7 14.
Ne2 Re8 15. d3 Kg8 16. Bd2 c6 17. Bb4 Kh8 18. Bxd6 Qxd6 19. O-O-O Qf6 20. Rdf1
Nf5 21. Ng3 Nd6 22. h4 Kg8 23. h5 a5 24. Qc3 e4 25. Qxf6 gxf6 26. Nh4 exd3 27.
cxd3 Kf7 28. Kd2 c5 29. Rc1 b6 30. d4 c4 31. Ng6 Bd7 32. Rh4 b5 33. f3 b4 34.
Nf4 Be6 35. Nxe6 Rxe6 36. Ne2 c3+ 37. bxc3 Nc4+ 38. Kd1 Ne3+ 39. Kd2 Nxg2 40.
Rh2 Ne3 41. Rb1 Nc4+ 42. Kd1 Ne3+ 43. Kd2 1/2-1/2

[Event "Moscow open 2010 B"]
[Site "?"]
[Date "2010.02.07"]
[Round "9.92"]
[White "Medvedev, Vladimir"]
[Black "Emdin, Mark"]
[Result "1-0"]
[WhiteElo "2140"]
[BlackElo "1927"]
[PlyCount "91"]
[EventDate "2010.01.30"]

1. e4 e6 2. d4 d5 3. exd5 exd5 4. Bd3 Nc6 5. c3 Bd6 6. Nf3 Bg4 7. Nbd2 Nge7 8.
O-O Qd7 9. Re1 f6 10. b4 g5 11. b5 Nd8 12. Qb3 Ne6 13. Ba3 O-O-O 14. c4 Nf4 15.
c5 Bxf3 16. Bf1 Bxg2 17. cxd6 Neg6 18. Bxg2 Nxg2 19. Kxg2 Nf4+ 20. Kh1 cxd6 21.
b6 axb6 22. Qxb6 Nd3 23. Qa7 Nxf2+ 24. Kg2 Qh3+ 25. Kg1 Nd3 26. Rac1+ Nxc1 27.
Rxc1+ Kd7 28. Qxb7+ Ke6 29. Re1+ Kf5 30. Qxd5+ Kg6 31. Qe4+ Kh6 32. Re3 Qd7 33.
Qe6 Qg7 34. Qf5 Qf7 35. Re6 Rhf8 36. Ne4 Kg7 37. Bxd6 Rxd6 38. Rxd6 Qxa2 39.
Rxf6 Qb1+ 40. Kg2 Qc2+ 41. Kg3 Qb3+ 42. Kg4 Qd1+ 43. Kxg5 h6+ 44. Kh4 Qe1+ 45.
Kh5 Qd1+ 46. Qg4+ 1-0

[Event "Moscow open 2010 B"]
[Site "?"]
[Date "2010.02.07"]
[Round "9.93"]
[White "Turov, Vladimir"]
[Black "Gureev, Dmitry"]
[Result "0-1"]
[WhiteElo "2133"]
[BlackElo "1924"]
[PlyCount "136"]
[EventDate "2010.01.30"]

1. d4 f5 2. g3 Nf6 3. Bg2 g6 4. Nh3 Bg7 5. O-O O-O 6. c4 d6 7. d5 Na6 8. a3 Nc5
9. b4 Ng4 10. Ra2 Nd7 11. Nf4 Nde5 12. Qb3 Qe8 13. Nc3 Bd7 14. e4 g5 15. Ne6
Bxe6 16. dxe6 f4 17. f3 Nxh2 18. gxf4 Nxf1 19. Kxf1 Nd3 20. Ne2 Nxc1 21. Nxc1
gxf4 22. Ne2 Qh5 23. Qd3 c6 24. Ng1 Qe5 25. Bh3 Qd4 26. Qxd4 Bxd4 27. Rg2+ Kh8
28. Ne2 Be3 29. Bf5 Rf6 30. Rh2 h6 31. Rh4 Raf8 32. a4 d5 33. cxd5 cxd5 34. Nc3
Rxf5 35. exf5 Rxf5 36. Rxh6+ Kg7 37. Rh2 Kf6 38. Rh6+ Ke5 39. Ke2 Rg5 40. Kd3
Rg2 41. Ne2 d4 42. a5 a6 43. b5 Rg5 44. bxa6 bxa6 45. Rh8 Kd6 46. Ke4 Re5+ 47.
Kd3 Rxa5 48. Rf8 Ke5 49. Rb8 Kxe6 50. Ke4 Re5+ 51. Kd3 Ra5 52. Ke4 Re5+ 53. Kd3
Kd6 54. Ra8 a5 55. Ra6+ Kc7 56. Kc4 Kb7 57. Rh6 a4 58. Nxd4 Bxd4 59. Kxd4 Re3
60. Rh4 e5+ 61. Kd5 a3 62. Rh7+ Kb6 63. Rh8 a2 64. Ra8 Re2 65. Ra3 Kb5 66. Rb3+
Ka4 67. Rb8 Ka3 68. Re8 Kb2 0-1

[Event "Moscow open 2010 B"]
[Site "?"]
[Date "2010.02.07"]
[Round "9.94"]
[White "Azizyan, Genrikh"]
[Black "Pechonkin, Oleg"]
[Result "1-0"]
[WhiteElo "2121"]
[BlackElo "1893"]
[PlyCount "63"]
[EventDate "2010.01.30"]

1. d4 d5 2. c4 dxc4 3. Nf3 Bg4 4. e3 e5 5. Bxc4 Bb4+ 6. Nc3 Nc6 7. Qb3 Qe7 8.
Nxe5 Nxe5 9. dxe5 O-O-O 10. O-O Bxc3 11. Qxc3 Nh6 12. e4 Rhe8 13. Bf4 g5 14.
Bg3 Be6 15. Bb5 c6 16. Rfd1 Kb8 17. Be2 Ka8 18. Rd6 Ng8 19. Rad1 f5 20. exf5
Bxf5 21. Bf3 Rxd6 22. exd6 Qd7 23. h3 g4 24. hxg4 Bxg4 25. Rc1 Bxf3 26. Qxf3
Nh6 27. Qf6 Ng4 28. Qd4 b6 29. b4 Qe6 30. f3 Nf6 31. Re1 Qf7 32. Rxe8+ 1-0

[Event "Moscow open 2010 B"]
[Site "?"]
[Date "2010.02.07"]
[Round "9.96"]
[White "Radchenko, Michail"]
[Black "Einor, Pavel"]
[Result "0-1"]
[WhiteElo "1949"]
[BlackElo "2094"]
[PlyCount "94"]
[EventDate "2010.01.30"]

1. e4 g6 2. d4 Bg7 3. Be3 c6 4. Nc3 d5 5. e5 f6 6. exf6 exf6 7. Nf3 Bg4 8. h3
Bxf3 9. Qxf3 Ne7 10. Bd3 Nd7 11. O-O-O O-O 12. h4 f5 13. h5 f4 14. Bd2 Nf5 15.
hxg6 hxg6 16. Qg4 Qf6 17. Bxf4 Nxd4 18. Bg5 Ne5 19. Qh4 Nxd3+ 20. Rxd3 Qxf2 21.
Qh7+ Kf7 22. Rd2 Qxd2+ 23. Kxd2 Rh8 24. Rf1+ Nf5 25. Qxh8 Rxh8 26. g4 Rh2+ 27.
Kd3 Rg2 28. Rf4 Kg8 29. gxf5 Rxg5 30. f6 Bf8 31. Ne2 Bd6 32. Ra4 a6 33. Nd4 Rg4
34. Ra5 Be5 35. Nxc6 bxc6 36. Rxa6 Bxf6 37. b3 Rg3+ 38. Kd2 Bg5+ 39. Ke2 Rc3
40. Kd1 Be3 41. a4 g5 42. Ra8+ Kg7 43. a5 g4 44. a6 g3 45. a7 Bxa7 46. Rxa7+
Kh6 47. Ra8 Kg5 0-1